Vvyužitie moderných manažérskych metód a CRM v procese riadenia organizácie

Súčasná situácia v oblasti manažmentu. Moderné manažérske metódy. Petersov a Watermanov model dokonalosti. Reengineering. Kaizen. Systém riadenia kvality. Six Sigma. 3D Management. Hodnotový manažment. Systém merania výkonnosti BSC. Riadenie dodávateľského reťazca. Benchmarking. Controlinig. Nový ma...

Ausführliche Beschreibung

Gespeichert in:
Bibliographische Detailangaben
1. Verfasser: Kubina, Milan
Weitere Verfasser: Lendel, Viliam
Format: Buchkapitel
Sprache:Slowakisch
Schlagworte:
Tags: Tag hinzufügen
Keine Tags, Fügen Sie das erste Tag hinzu!

MARC

LEADER 00000nla$a2200000$$$4500
001 0079714
005 20231106113605.8
041 0 |a slo 
044 |a SK 
245 1 0 |a Vvyužitie moderných manažérskych metód a CRM v procese riadenia organizácie  |c Milan Kubina, Viliam Lendel 
520 |a Súčasná situácia v oblasti manažmentu. Moderné manažérske metódy. Petersov a Watermanov model dokonalosti. Reengineering. Kaizen. Systém riadenia kvality. Six Sigma. 3D Management. Hodnotový manažment. Systém merania výkonnosti BSC. Riadenie dodávateľského reťazca. Benchmarking. Controlinig. Nový marketingový prístup. Budovanie vzťahov. Stratégia udržiavania zákazníkov. Riadenie vzťahov so zákazníkmi. 
610 2 0 |a riadenie podnikové 
610 2 0 |a marketing 
610 2 0 |a riadenie reťazcov dodávateľských 
610 2 0 |a manažment 
610 2 0 |a riadenie vzťahov so zákazníkmi 
610 2 0 |a benchmarking 
610 2 0 |a kontroling 
100 1 |a Kubina, Milan 
700 1 |a Lendel, Viliam